|
|
|
|
| LEADER |
00000cas a2200000 a 4500 |
| 001 |
vtls001430409 |
| 003 |
SK-MaSNL |
| 005 |
20260331204501.0 |
| 008 |
160322duuuuuuuuxo au c 0 0 0slo |
| 015 |
|
|
|a SNBSAB2001-00115 (r. 2002)
|
| 035 |
|
|
|a SNK000385435
|
| 040 |
|
|
|a SNK
|b slo
|c SNK
|e AACR2
|
| 041 |
0 |
|
|a slo
|
| 044 |
|
|
|a xo
|c SK
|
| 072 |
|
7 |
|a 929
|x Biografie
|2 konspekt
|
| 080 |
|
|
|a 929-058.1
|2 2011
|
| 080 |
|
|
|a (01)
|2 2011
|
| 080 |
|
|
|a 050
|2 2011
|
| 100 |
1 |
|
|a Kráľová, Mária
|4 zos
|9 266681
|
| 245 |
1 |
0 |
|a Významné výročia v roku ...
|c [zostavila: Mária Zacharová]
|
| 260 |
|
|
|a Topoľčany
|b Tribečská knižnica
|
| 300 |
|
|
|a zv.
|c 21 x 15 cm
|
| 310 |
|
|
|a 1x ročne
|
| 490 |
1 |
|
|a Metodika
|
| 500 |
|
|
|a Údaj o zost. je prevzatý z tir.
|
| 500 |
|
|
|a Súčasťou názvu je označenie bežného roku
|
| 650 |
0 |
7 |
|a osobnosti
|2 SNKPH
|9 29820
|
| 655 |
|
7 |
|a bibliografie
|2 SNKPH
|9 28668
|
| 700 |
1 |
|
|a Kráľová, Mária
|4 zos
|9 266681
|
| 710 |
2 |
|
|a Tribečská knižnica v Topoľčanoch
|4 pbl
|9 32342
|
| 760 |
0 |
|
|t Metodika
|
| 910 |
|
|
|a snk
|
| 958 |
|
|
|a RM
|
| 958 |
|
|
|a BX
|
| 958 |
|
|
|a NB
|
| 958 |
|
|
|a SF
|
| 999 |
|
|
|c 2613
|d 4543
|
| 952 |
|
|
|a SNK
|b SNK
|y PREZ
|7 0
|p 17A0336098
|o snkČSD 2249/2002
|i snkKSP 2615/2002
|0 0
|1 0
|4 0
|d 2002-03-06
|l 0
|r 2005-01-02 00:00:00
|w 2026-02-21
|
| 952 |
|
|
|a SNK
|b SNK
|y PREZ
|7 0
|p 17A0345286
|o snkČSD 2249/2002 D1
|i snkKSP 6335/2002
|0 0
|1 0
|4 0
|d 2002-05-28
|l 0
|r 2005-01-02 00:00:00
|w 2026-02-21
|